Generations of youth. Youth cultures and history in twentieth-century America /
Guardado en:
| Autor principal: | |
|---|---|
| Autor Corporativo: | |
| Otros Autores: | |
| Formato: | Texto |
| Publicado: |
New York:
New York University Press
|
| Materias: | |
| Etiquetas: |
Agregar Etiqueta
Sin Etiquetas, Sea el primero en etiquetar este registro!
|
MARC
| LEADER | 00000 a a2200000 04500 | ||
|---|---|---|---|
| 001 | 28885 | ||
| 003 | |||
| 040 | |||
| 020 | |a 0-8147-0646-0 | ||
| 090 | |a 190100 | ||
| 100 | |a Austin, Joe | ||
| 110 | |a State University. American Cultural Studies Program | ||
| 245 | |a Generations of youth. Youth cultures and history in twentieth-century America / |c Joe Austin | ||
| 260 | |a New York: |b New York University Press | ||
| 300 | |a 474 p |b il. | ||
| 650 | |a SUBCULTURAS | ||
| 650 | |a IDENTIDAD CULTURAL | ||
| 650 | |a JUVENTUD | ||
| 650 | |a ZONAS URBANAS | ||
| 650 | |a PARTICIPACION SOCIAL | ||
| 700 | |a ed. |a Nevin Willard, Michael |a ed. | ||
| 999 | |c 5157 |d 5157 | ||



